000 00293nam a2200133Ia 4500
100 _aRoy/P.R/ Nigam/B.P
942 _cBK
654 _anuclear
245 _aNuclear Physics
260 _bWILEY EASTERN LIMITED
_aNew Delhi
_c1983
082 _a539.7
_bROY
300 _a616
546 _aENGLISH
999 _c25390
_d25390